Nezkrotná nevěsta /

Hlavní autor: Coulter, Catherine, 1942-
Další autoři: Kukulišová, Blažena, 1959-
Jazyk: Čeština
Vydáno: Frýdek-Místek : Alpress, 2012
Vydání: Vyd. 2.
Edice: Klokan (Alpress)
Knižní hity
Témata:
Fyzický popis: 324 s. ; 20 cm
Knihy
Uloženo v:
LEADER 01435nam a2200433 a 4500
001 nkc20122390113
003 CZ PrNK
005 20230901103007.0
007 ta
008 120808s2012 xr g 000 f cze
015 |a cnb002390113 
020 |a 978-80-7466-024-5  |q (brož.) 
035 |a (OCoLC)815382391 
040 |a OLA001  |b cze  |d ABA001 
041 1 |a cze  |h eng 
072 7 |a 821.111(73)-3  |x Americká próza  |2 Konspekt  |9 25 
080 |a 821.111(73)-31  |2 MRF 
080 |a (0:82-312.5)  |2 MRF 
100 1 |a Coulter, Catherine,  |d 1942-  |7 jn20001005263  |4 aut 
245 1 0 |a Nezkrotná nevěsta /  |c Catherine Coulterová ; [z anglického originálu ... přeložila Blažena Kukulišová] 
250 |a Vyd. 2. 
260 |a Frýdek-Místek :  |b Alpress,  |c 2012 
300 |a 324 s. ;  |c 20 cm 
490 1 |a Klokan 
490 1 |a Knižní hity 
655 7 |a americké romány  |7 fd131796  |2 czenas 
655 7 |a milostné romány  |7 fd132840  |2 czenas 
655 9 |a American fiction  |2 eczenas 
655 9 |a love novels  |2 eczenas 
700 1 |a Kukulišová, Blažena,  |d 1959-  |7 jn20001103737  |4 trl 
765 0 |t Sherbrooke twins  |9 Česky 
787 0 8 |i Z cyklu:  |t Sherbrookeovi  |g 8 
830 0 |a Klokan (Alpress)  |0 s 
830 0 |a Knižní hity  |0 s 
910 2 |a BOA001  |b 1-1288.568 
990 |a BK 
995 |a 01 
991 |b 201208  |e b 
996 6 |b 2610519164  |c 1-1288.568  |l MZK  |r Sklad / do 1 hodiny  |n 1  |p p.v.  |w 001272747  |u 000010  |a 1  |e BOA001  |j MZK50  |s P